书目信息 |
| 题名: |
"三下乡 " 情与悟
|
|
| 作者: | 王艳 主编 | |
| 分册: | ||
| 出版信息: | 北京 光明日报出版社 2021.07 |
|
| 页数: | 314页 | |
| 开本: | 20cm | |
| 丛书名: | ||
| 单 册: | ||
| 中图分类: | I267 | |
| 科图分类: | ||
| 主题词: | 散文--中国 , 散文--作品综合集--中国 | |
| 电子资源: | ||
| ISBN: | 978-7-5578-9027-8 | |
| 000 | 01054nam0 2200217 450 | |
| 001 | 2430316544 | |
| 005 | 20241108082841.80 | |
| 010 | @a978-7-5578-9027-8@dCNY98.00 | |
| 100 | @a20241108d2021 km y0chiy0120 ea | |
| 101 | 0 | @achi |
| 102 | @aCN@b110000 | |
| 200 | 1 | @a"三下乡 " 情与悟@A"San Xia Xiang"Qing Yu Wu@f王艳主编@FWang Yan Zhu Bian |
| 210 | @a北京@c光明日报出版社@d2021.07 | |
| 215 | @a314页@d20cm | |
| 330 | @a本书是一本高校学生参加暑期社会实践活动成果的散文集, 作者们将自己红色“三下乡 ” 之旅的所见所感记录下来形成本书。 “三下乡 ” 始于湘西州永顺县塔卧镇, 塔卧镇是湘鄂川黔革命根据地, 这里的土地流传着红色的故事, 这里的人们有着红色的基因。 故此全书都充满了对红色土地的热爱, 如塔卧情深, 一次井岗行、一生井岗情, 红色基因代代传, 带着希望同行, 蓦然回首、勿忘初心, 红土地青春红等。 全书体现了当代大学生课外实践活动的一次心灵感悟和道德情操, 具有感人至深的力量。 | |
| 606 | 0 | @a散文@x中国 |
| 606 | 0 | @a散文@x作品综合集@x中国 |
| 690 | @aI267@v4 | |
| 701 | 0 | @a王艳@AWang Yan@4主编 |
| 801 | 0 | @aCN@b河南城建学院图书馆@c20241108 |
| 905 | @dI267@eW4151 | |
| "三下乡 " 情与悟/王艳主编.-北京:光明日报出版社,2021.07 |
| 314页;20cm |
| ISBN 978-7-5578-9027-8:CNY98.00 |
| 本书是一本高校学生参加暑期社会实践活动成果的散文集, 作者们将自己红色“三下乡 ” 之旅的所见所感记录下来形成本书。 “三下乡 ” 始于湘西州永顺县塔卧镇, 塔卧镇是湘鄂川黔革命根据地, 这里的土地流传着红色的故事, 这里的人们有着红色的基因。 故此全书都充满了对红色土地的热爱, 如塔卧情深, 一次井岗行、一生井岗情, 红色基因代代传, 带着希望同行, 蓦然回首、勿忘初心, 红土地青春红等。 全书体现了当代大学生课外实践活动的一次心灵感悟和道德情操, 具有感人至深的力量。 |
| ● |
| 相关链接 |
|
|
|
正题名:"三下乡 " 情与悟
索取号:I267/W4151
 
预约/预借
| 序号 | 登录号 | 条形码 | 馆藏地/架位号 | 状态 | 备注 |
| 1 | 1553514 | 215535142 | 文学库116/116文学库 7排1列5层/ [索取号:I267/W4151] | 在馆 |